000
00245nam a2200097Ia 4500
008
230915s9999 xx 000 0 und d
050
_a
QP31.2.M37 1991
100
_a
ELAINE NICPON MARIEB
245
0
_a
HUMAN ANATOMY AND PHYSIOLOGY
942
_c
BK
999
_c
193138
_d
193138